000
00342nam a2200145Ia 4500
008
150201s2001 xx 000 0 und d
082
_a
610
_b
M01G
100
_a
GUPTA, LC.
245
_a
MANUAL OF MEDICAL EMERGENCIES
250
_a
2ND
260
_b
JAYPEE BROTHERS
_a
DELHI
_c
2001
300
_a
1-370
650
_a
SURGERY
942
_2
ddc
_c
BK
_0
23
999
_c
197
_d
197